000 00274nam a22001217a 4500
082 _a158
_bHAU/I
100 _aHAUCK, PAUL
245 _aIMPROVE YOUR PERSONALITY
260 _aLONDON
_bSHELDON PRESS
300 _a85
650 _aPERSONALITY DEVELOPMENT
_zLONDON
942 _cBK
999 _c5506
_d5506